|
|
|
|
| LEADER |
00922cam a2200265 7i4500 |
| 001 |
0000029891 |
| 005 |
20170218090000.0 |
| 008 |
100406 eng |
| 020 |
|
|
|a 0415396611 (pbk.)
|
| 020 |
|
|
|a 9780415396615 (pbk.)
|
| 040 |
|
|
|a DLC
|
| 090 |
0 |
0 |
|a P96.S45
|b G38 2008
|
| 100 |
1 |
|
|a Gauntlett, David
|
| 245 |
1 |
0 |
|a Media, gender and identity :
|b an introduction
|c David Gauntlett.
|
| 250 |
|
|
|a 2nd ed.
|
| 260 |
|
|
|a London:
|b Routledge,
|c 2008.
|
| 300 |
|
|
|a xii, 317 p.:
|b ill.;
|c 24 cm.
|
| 504 |
|
|
|a Includes bibliographical references and index
|
| 650 |
0 |
0 |
|a Sex differences in mass media
|
| 650 |
0 |
0 |
|a Sex role in mass media
|
| 650 |
0 |
0 |
|a Mass media and sex
|
| 650 |
0 |
0 |
|a Mass media and culture
|
| 997 |
|
|
|a Communication, Visual Art & Computing, Faculty
|b Communication, Department
|
| 998 |
|
|
|a Media & Communication, Diploma
|
| 999 |
|
|
|a 0000038160
|b BOK
|c OPEN SHELF
|e 1st Floor, Bestari Jaya
|